000 00686nam a22001937a 4500
005 20140110165914.0
010 _aENG-109055
020 _a9788189331245
_c200.00
035 _aEN-92588
037 _bDBAD/PUB
082 _a881
100 _aMajhail, Harjinder Singh
245 _aEchoes of inner love :
_cby Harjinder Singh Majhail; edited by Rahul Singh Majhail
_ba collection of poems in English with translation of five 'Shabadas' of 'Gurbani' /
260 _aChandigarh
_bEnkay Enterprises
_c2012
270 _aSCO 49-51, Basement, Sector 17C
_bChandigarh
_e160017
300 _a80p.
_c22cm(Hb)
700 _aMajhail, Rahul Singh
942 _2ddc
_cEN
_mMAJ
_h881
999 _c81758
_d81758